|
|
|
|
| LEADER |
01767cas a2200301 a 4500 |
| 001 |
AALejournalIMF005261 |
| 008 |
230101c9999 xx r poo 0 0eng d |
| 020 |
|
|
|c 5.00 USD
|
| 020 |
|
|
|z 9781451809480
|
| 022 |
|
|
|a 1934-7685
|
| 040 |
|
|
|a BD-DhAAL
|c BD-DhAAL
|
| 110 |
2 |
|
|a International Monetary Fund.
|
| 245 |
1 |
0 |
|a Cape Verde :
|b Selected Issues.
|
| 264 |
|
1 |
|a Washington, D.C. :
|b International Monetary Fund,
|c 2008.
|
| 300 |
|
|
|a 1 online resource (25 pages)
|
| 490 |
1 |
|
|a IMF Staff Country Reports
|
| 500 |
|
|
|a <strong>Off-Campus Access:</strong> No User ID or Password Required
|
| 500 |
|
|
|a <strong>On-Campus Access:</strong> No User ID or Password Required
|
| 506 |
|
|
|a Electronic access restricted to authorized BRAC University faculty, staff and students
|
| 520 |
3 |
|
|a This Selected Issues paper examines macroeconomic challenges for a highly tourism-based economy such as Cape Verde. The changing structure of Cape Verde's balance-of-payments financing calls for a closer look at the volatility of remittances and their role as an absorber of economic shocks. The paper finds that compared with other external inflows, remittances continue to be a reliable source of foreign financing, but they are declining in importance. It also shows that this influence seems to be gradually fading, and remittances are becoming increasingly procyclical.
|
| 538 |
|
|
|a Mode of access: Internet
|
| 650 |
|
7 |
|a Cape Verde Exchange Rate Regime
|2 imf
|
| 650 |
|
7 |
|a CR
|2 imf
|
| 650 |
|
7 |
|a Growth Cycle
|2 imf
|
| 650 |
|
7 |
|a ISCR
|2 imf
|
| 650 |
|
7 |
|a Years Remittance
|2 imf
|
| 830 |
|
0 |
|a IMF Staff Country Reports; Country Report ;
|v No. 2008/243
|
| 856 |
4 |
0 |
|z Full text available on IMF
|u http://elibrary.imf.org/view/journals/002/2008/243/002.2008.issue-243-en.xml
|z IMF e-Library
|